A study in highway economics : (Record no. 42505)
[ view plain ]
| 000 -LEADER | |
|---|---|
| fixed length control field | 01184nam a2200277 a 4500 |
| 001 - CONTROL NUMBER | |
| control field | 42505 |
| 003 - CONTROL NUMBER IDENTIFIER | |
| rucl marc code | BD-RjUL |
| 005 - DATE AND TIME OF LATEST TRANSACTION | |
| control field | 20211209053542.0 |
| 008 - FIXED-LENGTH DATA ELEMENTS--GENERAL INFORMATION | |
| fixed length control field | 160613s1934 xx a b 000 0 eng |
| 035 ## - SYSTEM CONTROL NUMBER | |
| System control number | (BD-RjUL)42623 |
| 040 ## - CATALOGING SOURCE | |
| Original cataloging agency | DLC |
| Transcribing agency | OC |
| Modifying agency | DLC |
| -- | BD-RjUL |
| Language of cataloging | eng |
| 041 ## - LANGUAGE CODE | |
| Language code of text/sound track or separate title | eng |
| 082 ## - DEWEY DECIMAL CLASSIFICATION NUMBER | |
| Classification number | 625.7 |
| Edition number | 23 |
| Author mark and year | OWS 1934 |
| 100 1# - MAIN ENTRY--PERSONAL NAME | |
| Personal name | Owen, Wilfred |
| 9 (RLIN) | 130729 |
| 245 12 - TITLE STATEMENT | |
| Title | A study in highway economics : |
| Statement of responsibility, etc. | being the Harvard Phi beta kappa prize essay for 1934, by Wilfred Owen / |
| Remainder of title | Wilfred Owen |
| 260 ## - PUBLICATION, DISTRIBUTION, ETC. (IMPRINT) | |
| Place of publication, distribution, etc. | Cambridge, |
| Name of publisher, distributor, etc. | The Society, |
| Date of publication, distribution, etc. | 1934. |
| 300 ## - PHYSICAL DESCRIPTION | |
| Pagination | xi, 109 p. : |
| Illustrations | ill ; |
| Size | 18 cm. |
| 500 ## - GENERAL NOTE | |
| General note | The Harvard chapter of the Phi beta kappa society voted in 1933 to publish every year an essay chosen from among the best distinction theses in each department and from the essays submitted for the Bowdoin prizes. Mr. Owen's is the first essay to be so chosen. cf. p. vii. |
| 504 ## - BIBLIOGRAPHY, ETC. NOTE | |
| Bibliography, etc | Bibliography: p. 105-109. |
| 650 #0 - SUBJECT ADDED ENTRY--TOPICAL TERM | |
| Topical term or geographic name as entry element | Roads |
| General subdivision | Finance. |
| 9 (RLIN) | 130730 |
| Topical term or geographic name as entry element | Roads |
| Geographic subdivision | United States. |
| 9 (RLIN) | 130731 |
| Topical term or geographic name as entry element | Automobiles |
| General subdivision | Taxation. |
| 9 (RLIN) | 130732 |
| Topical term or geographic name as entry element | Gasoline |
| General subdivision | Taxation. |
| 9 (RLIN) | 130733 |
| 710 2# - ADDED ENTRY--CORPORATE NAME | |
| Corporate name or jurisdiction name as entry element | Phi Beta Kappa. |
| Subordinate unit | Massachusetts Alpha (Harvard University) |
| 9 (RLIN) | 130734 |
| 942 ## - ADDED ENTRY ELEMENTS (KOHA) | |
| Source of classification or shelving scheme | Dewey Decimal Classification |
| Koha item type | Books |
| Lost status | Source of classification or shelving scheme | Damaged status | Not for loan | Collection code | Permanent Location | Current Location | Shelving location | Date acquired | Source of acquisition | Cost, normal purchase price | Total Checkouts | Full call number | Date last seen | Copy number | Koha item type |
|---|---|---|---|---|---|---|---|---|---|---|---|---|---|---|---|
| Dewey Decimal Classification | Non-fiction | Central Library, University of Rajshahi | Central Library, University of Rajshahi | 16/06/1955 | Alies Book Cor. | 70.00 | 625.7 OWS 1934 | 13/06/2016 | C-2 | Books |